[Event "?"]
[Site "San Salvador ESA"]
[Date "2009.07.11"]
[Round "1.1"]
[White "Hernandez Graterol, Zaida"]
[Black "Arribas Robaina, Maritza"]
[Result "0-1"]
[WhiteElo "2035"]
[BlackElo "2328"]
[EventDate "2009.07.11"]
[PlyCount "84"]

1.e4 d6 2.d4 Nf6 3.Nc3 c6 4.Bd3 e5 5.Nf3 Bg4 6.dxe5 dxe5 7.h3 Bxf3 8.Qxf3 
Bb4 9.O-O O-O 10.Ne2 Nbd7 11.Ng3 Re8 12.Nf5 Bf8 13.Bg5 h6 14.Be3 Nh7 15.
Qg3 Kh8 16.Bc4 Qf6 17.Rad1 Red8 18.f4 exf4 19.Bxf4 Nb6 20.Rxd8 Rxd8 21.Bb3
Qg6 22.Qxg6 fxg6 23.Nh4 Bc5+ 24.Kh1 Nf8 25.Bc7 Re8 26.e5 Nd5 27.Bxd5 cxd5 
28.Rd1 Bf2 29.Nf3 Ne6 30.Bd6 d4 31.c3 dxc3 32.bxc3 a5 33.Kh2 Kh7 34.Rb1 b6
35.Rf1 Bc5 36.Kg3 g5 37.h4 Bxd6 38.exd6 Nc5 39.Kh2 g4 40.Nd4 Rd8 41.Nf5 
Ne4 42.Ne7 Rd7 0-1

[Event "zonal 2.3 (w)"]
[Site "San Salvador ESA"]
[Date "2009.07.11"]
[Round "1.2"]
[White "Vasquez Ramirez, Rocio"]
[Black "Castaneda, Ada"]
[Result "1/2-1/2"]
[WhiteElo "2285"]
[BlackElo "2025"]
[EventDate "2009.07.11"]
[PlyCount "99"]

1.d4 d6 2.Nf3 g6 3.Bf4 Bg7 4.e3 e6 5.Nbd2 Ne7 6.h3 b6 7.Bb5+ Nd7 8.O-O a6 
9.Be2 O-O 10.a4 Bb7 11.Bh2 h6 12.a5 b5 13.c4 bxc4 14.Bxc4 d5 15.Be2 c5 16.
dxc5 Nxc5 17.Rc1 Rc8 18.b4 Ne4 19.Nxe4 dxe4 20.Ne5 Qxd1 21.Rfxd1 Nd5 22.
Nd7 Nc3 23.Rxc3 Rxc3 24.Nxf8 Bxf8 25.Be5 Rc8 26.Rd7 Bc6 27.Rc7 Rxc7 28.
Bxc7 Bxb4 29.Bxa6 Kf8 30.Bc8 Bc5 31.a6 Ke7 32.Bb8 Kd8 33.Bb7 Kd7 34.Be5 f6
35.Bxc6+ Kxc6 36.Bxf6 Kb6 37.Bg7 h5 38.Be5 Kxa6 39.Kh2 Kb5 40.Kg3 Kc4 41.
Kf4 Kd3 42.Kg5 Ke2 43.Bg3 Kf1 44.Kxg6 Kxg2 45.Kxh5 Kxh3 46.Kg5 Bxe3+ 47.
Bf4 Bxf2 48.Kf6 Kg4 49.Bc1 Kf3 50.Kxe6 1/2-1/2

[Event "zonal 2.3 (w)"]
[Site "San Salvador ESA"]
[Date "2009.07.11"]
[Round "1.3"]
[White "Munoz Solis, Carolina"]
[Black "Vigoa Apechache, Yanira"]
[Result "1/2-1/2"]
[WhiteElo "2020"]
[BlackElo "2250"]
[EventDate "2009.07.11"]
[PlyCount "155"]

1.e4 c5 2.Nf3 Nc6 3.Bb5 g6 4.Bxc6 dxc6 5.h3 Bg7 6.d3 e5 7.Be3 Qe7 8.c3 Nf6
9.O-O O-O 10.Nbd2 Rd8 11.Qc2 Nd7 12.d4 cxd4 13.cxd4 exd4 14.Bxd4 f6 15.Nb3
Ne5 16.Nfd2 Be6 17.f4 Nd7 18.Rfd1 Bh6 19.Be3 Bf7 20.Nc4 Nf8 21.Nd4 Ne6 22.
Nxe6 Qxe6 23.b3 Qe7 24.Kh2 b6 25.Rac1 Rac8 26.e5 fxe5 27.Nxe5 Bd5 28.Ng4 
Bg7 29.Bd4 Rf8 30.Bxg7 Qxg7 31.Qd2 Rce8 32.Ne5 Re6 33.Re1 Ref6 34.Nxc6 
Bxc6 35.Rxc6 Rxc6 36.Qd5+ Qf7 37.Qxc6 Qxf4+ 38.Kh1 Qf2 39.Qe6+ Qf7 40.Kg1 
Qxe6 41.Rxe6 Rf7 42.g3 Rc7 43.Kf2 Kf7 44.Re2 Kf6 45.Kf3 h5 46.Re3 Rc2 47.
a4 Rh2 48.h4 Rh1 49.Rc3 Kf5 50.Re3 Rc1 51.Rd3 Ke5 52.Ke3 Rc6 53.Kf3 Rf6+ 
54.Ke3 a6 55.Rc3 Kd5 56.Rc8 Re6+ 57.Kd3 a5 58.Rd8+ Kc5 59.Rd4 Re1 60.Rc4+ 
Kd5 61.Rd4+ Kc5 62.Rc4+ Kd5 63.Rd4+ Ke5 64.Rc4 Rf1 65.Ke3 Re1+ 66.Kd3 Rd1+
67.Ke3 Rb1 68.Rc3 Rb2 69.Rd3 Rb1 70.Rc3 Kf5 71.Kf3 Rb2 72.Rd3 Rc2 73.Rd5+ 
Ke6 74.Rd3 Rb2 75.Ke3 Ke5 76.Rc3 Rg2 77.Kf3 Rb2 78.Ke3 1/2-1/2

[Event "zonal 2.3 (w)"]
[Site "San Salvador ESA"]
[Date "2009.07.11"]
[Round "1.4"]
[White "Zepeda Cortez, Sonia"]
[Black "Esquivel De Leon, Aurora"]
[Result "1/2-1/2"]
[WhiteElo "2136"]
[BlackElo "2008"]
[EventDate "2009.07.11"]
[PlyCount "93"]

1.e4 c5 2.Nf3 e6 3.d4 cxd4 4.Nxd4 Nc6 5.Nc3 Qc7 6.Be3 a6 7.Be2 Bb4 8.O-O 
Nf6 9.f3 Nxd4 10.Qxd4 Bd6 11.f4 e5 12.Qd2 O-O 13.Kh1 Re8 14.a3 exf4 15.
Bxf4 Bxf4 16.Rxf4 b5 17.Raf1 Bb7 18.Bd3 Re5 19.Qf2 Qc5 20.Rxf6 gxf6 21.
Qxf6 Qe7 22.Qf4 Rf8 23.h3 Qg5 24.Qf2 d6 25.Qb6 Qe7 26.Rf4 Rg5 27.Qf2 Kh8 
28.Ne2 Bc8 29.Nd4 Rg7 30.c3 Qg5 31.Bf1 Qg3 32.Qxg3 Rxg3 33.Kh2 Rg5 34.Rf6 
Re5 35.Bd3 Be6 36.g4 Kg7 37.Rf4 Rc5 38.Kg3 h6 39.h4 Bd7 40.Bc2 Ra8 41.Bb3 
f6 42.Bd5 Ra7 43.Kf3 a5 44.Ke3 Rc8 45.Kd3 Rb8 46.Bc6 Rb6 47.Bd5 1/2-1/2

[Event "zonal 2.3 (w)"]
[Site "San Salvador ESA"]
[Date "2009.07.11"]
[Round "1.5"]
[White "Mendoza Velazquez, Lorena"]
[Black "Heredia Serrano, Carla"]
[Result "1-0"]
[WhiteElo "1973"]
[BlackElo "2135"]
[EventDate "2009.07.11"]
[PlyCount "80"]

1.Nf3 Nf6 2.g3 g6 3.Bg2 Bg7 4.c4 O-O 5.Nc3 d6 6.d3 e5 7.O-O Nh5 8.Bd2 f5 
9.b4 f4 10.Rb1 g5 11.b5 Nd7 12.Nd5 Nc5 13.Ne1 g4 14.a4 Ne6 15.a5 Ng5 16.a6
Nh3+ 17.Bxh3 gxh3 18.e3 Nf6 19.Nxf6+ Qxf6 20.exf4 Qg6 21.fxe5 Bxe5 22.Be3 
bxa6 23.bxa6 Bxa6 24.Qa4 Bc8 25.Qc6 Bg4 26.f3 Be6 27.f4 Bc3 28.Rb3 Bxe1 
29.Rxe1 Qf7 30.Rb7 Rac8 31.Rxa7 Rfe8 32.Bd4 Bd7 33.Rxe8+ Rxe8 34.Qxc7 Re1+
35.Kf2 Qe7 36.Be5 Rxe5 37.fxe5 Qf8+ 38.Ke1 Bf5 39.Qe7 dxe5 40.Qxf8+ Kxf8 
1-0

[Event "zonal 2.3 (w)"]
[Site "San Salvador ESA"]
[Date "2009.07.11"]
[Round "1.6"]
[White "Orozco Luz, Elena"]
[Black "Sanchez, Ingrid"]
[Result "0-1"]
[WhiteElo "2118"]
[BlackElo "1960"]
[EventDate "2009.07.11"]
[PlyCount "122"]

1.e4 c5 2.Nf3 d6 3.d4 cxd4 4.Nxd4 Nf6 5.Nc3 g6 6.Be2 Bg7 7.O-O O-O 8.Be3 
Nc6 9.Qd2 Re8 10.Rad1 Bd7 11.f3 a6 12.a4 Ne5 13.Kh1 Rc8 14.b3 Qa5 15.Nb1 
Qxd2 16.Rxd2 d5 17.Bf4 Nc6 18.Nxc6 Bxc6 19.exd5 Nxd5 20.Bg5 h6 21.Bh4 b5 
22.axb5 axb5 23.Bf2 b4 24.Bc4 Nc3 25.Nxc3 Bxc3 26.Rd3 e5 27.Rd6 Kg7 28.Ba6
Red8 29.Rfd1 Rxd6 30.Rxd6 Rc7 31.h3 Bb7 32.Bc4 Bc8 33.Kg1 Rd7 34.Rxd7 Bxd7
35.Kf1 f5 36.Be1 Bxe1 37.Kxe1 Bc6 38.Kd2 Kf6 39.h4 g5 40.hxg5+ hxg5 41.Ke3
Ke7 42.Bd3 f4+ 43.Kd2 g4 44.fxg4 Bxg2 45.g5 e4 46.Bc4 Bf3 47.Ke1 e3 48.Bd3
Bh5 49.Kf1 Bf3 50.Ke1 Bh5 51.Kf1 Ke6 52.Kg2 Ke5 53.Kf1 f3 54.Ke1 Bg4 55.g6
Kf6 56.Be4 Bh5 57.Kf1 f2 58.Bg2 Kxg6 59.Be4+ Kg5 60.Bd3 Kf4 61.Kg2 Bf3+ 
0-1

[Event "zonal 2.3 (w)"]
[Site "San Salvador ESA"]
[Date "2009.07.11"]
[Round "1.7"]
[White "Panesso, Lina"]
[Black "Zepeda Cortez, Lorena"]
[Result "0-1"]
[WhiteElo "1936"]
[BlackElo "2109"]
[EventDate "2009.07.11"]
[PlyCount "52"]

1.e4 c5 2.Nf3 d6 3.d4 cxd4 4.Nxd4 Nf6 5.Nc3 a6 6.Bc4 e6 7.Bb3 Be7 8.g4 h6 
9.Rg1 b5 10.Qe2 Qc7 11.h4 g6 12.Qf3 Nbd7 13.g5 Ne5 14.Qg2 hxg5 15.hxg5 Nh5
16.Rh1 Nc4 17.a4 b4 18.Nce2 Rg8 19.Ng3 Nxg3 20.Qxg3 Bb7 21.Qg4 Qc5 22.Nxe6
fxe6 23.Qxe6 Rf8 24.Qxg6+ Kd8 25.Rh2 Ne5 26.Qh7 Nf3+ 0-1

[Event "zonal 2.3 (w)"]
[Site "San Salvador ESA"]
[Date "2009.07.12"]
[Round "2.1"]
[White "Arribas Robaina, Maritza"]
[Black "Mendoza Velazquez, Lorena"]
[Result "0-1"]
[WhiteElo "2328"]
[BlackElo "1973"]
[EventDate "2009.07.11"]
[PlyCount "116"]

1.e4 c5 2.Nf3 d6 3.Bb5+ Bd7 4.Bxd7+ Qxd7 5.O-O Nc6 6.c4 g6 7.d4 cxd4 8.
Nxd4 Bg7 9.Nb5 Ne5 10.Qe2 a6 11.N5c3 Rc8 12.b3 e6 13.Bb2 Nf6 14.Nd2 O-O 
15.Rad1 Qc6 16.h3 Rfe8 17.Nf3 Nxf3+ 18.Qxf3 Nd7 19.Qg3 Be5 20.f4 Bg7 21.f5
Be5 22.Qf3 exf5 23.exf5 Qxf3 24.Rxf3 Rcd8 25.Ba3 Nf6 26.Nd5 Ne4 27.Bc1 Kg7
28.Rdf1 f6 29.Nc7 Ng3 30.Nxe8+ Rxe8 31.fxg6 Nxf1 32.Kxf1 hxg6 33.Ke2 Kf7 
34.Kd3 Ke6 35.Be3 Rh8 36.Bf2 g5 37.g4 Rc8 38.a4 b5 39.axb5 axb5 40.cxb5 d5
41.b6 Rc3+ 42.Ke2 Rc2+ 43.Kd1 Rc8 44.Rd3 Rd8 45.Bc5 d4 46.b7 Kd5 47.Ba7 
Ke4 48.Ke2 Bb8 49.Bxd4 Rxd4 50.Re3+ Kf4 51.Re8 Re4+ 52.Rxe4+ Kxe4 53.Kf2 
Kd5 54.Ke3 Kc6 55.Ke4 Kxb7 56.Kf5 Be5 57.h4 gxh4 58.g5 fxg5 0-1

[Event "zonal 2.3 (w)"]
[Site "San Salvador ESA"]
[Date "2009.07.12"]
[Round "2.2"]
[White "Zepeda Cortez, Lorena"]
[Black "Sanchez, Ingrid"]
[Result "1-0"]
[WhiteElo "2109"]
[BlackElo "1960"]
[EventDate "2009.07.11"]
[PlyCount "43"]

1.e4 c5 2.Nf3 d6 3.d4 cxd4 4.Nxd4 Nf6 5.Nc3 g6 6.Be3 Bg7 7.f3 O-O 8.Bc4 
Nc6 9.Qd2 Bd7 10.O-O-O Rc8 11.Bb3 Ne5 12.h4 h5 13.Bg5 Nc4 14.Qe2 Ne5 15.g4
hxg4 16.f4 Nf3 17.Nxf3 gxf3 18.Qxf3 Bg4 19.Qg2 Rxc3 20.Bxf6 Bf3 21.Qxg6 
exf6 22.Rhg1 1-0

[Event "zonal 2.3 (w)"]
[Site "San Salvador ESA"]
[Date "2009.07.12"]
[Round "2.3"]
[White "Esquivel De Leon, Aurora"]
[Black "Vasquez Ramirez, Rocio"]
[Result "0-1"]
[WhiteElo "2008"]
[BlackElo "2285"]
[EventDate "2009.07.11"]
[PlyCount "102"]

1.Nf3 e6 2.c4 Nf6 3.g3 d5 4.Bg2 d4 5.d3 c5 6.O-O Nc6 7.Nbd2 Be7 8.a3 O-O 
9.Rb1 a5 10.b3 e5 11.Qc2 h6 12.Re1 Bf5 13.Bb2 Qd7 14.Rbd1 Rad8 15.Ne4 Nxe4
16.dxe4 Bg4 17.Rd3 f5 18.Nd2 f4 19.f3 Be6 20.Nf1 Qe8 21.Bc1 Qf7 22.Bd2 Ra8
23.Rc1 Ra7 24.g4 Rfa8 25.a4 Bh4 26.Rb1 b6 27.Rc1 Qe7 28.Rb1 Rf8 29.Rc1 Rf6
30.Rb1 Rg6 31.h3 Ra8 32.Qc1 Rd8 33.Be1 Bg5 34.Rb2 Bf7 35.Bf2 Rgd6 36.Qe1 
Nb4 37.Nd2 Be6 38.Kh2 Kf7 39.Nb1 Rh8 40.Nd2 h5 41.Kg1 Bf6 42.Kf1 Rh7 43.
Qc1 Rd8 44.Ke1 Rdh8 45.Nf1 Bh4 46.Nh2 Bxf2+ 47.Kxf2 Qh4+ 48.Kg1 hxg4 49.
Nxg4 Bxg4 50.fxg4 Nxd3 51.exd3 Qg3 0-1

[Event "zonal 2.3 (w)"]
[Site "San Salvador ESA"]
[Date "2009.07.12"]
[Round "2.4"]
[White "Vigoa Apechache, Yanira"]
[Black "Zepeda Cortez, Sonia"]
[Result "1-0"]
[WhiteElo "2250"]
[BlackElo "2136"]
[EventDate "2009.07.11"]
[PlyCount "53"]

1.d4 d5 2.c4 e6 3.Nc3 c6 4.e3 Nf6 5.Nf3 Nbd7 6.Qc2 Bd6 7.g4 dxc4 8.Bxc4 
Nxg4 9.Rg1 Ngf6 10.Rxg7 Bf8 11.Rg1 b6 12.Qe2 Bb7 13.Bd2 Qc7 14.Rc1 Rg8 15.
Rxg8 Nxg8 16.a3 Bg7 17.e4 Kf8 18.Bd3 a6 19.e5 h6 20.Ne4 Ne7 21.Nh4 Rd8 22.
Qh5 Nxe5 23.dxe5 Rxd3 24.Bxh6 Ng6 25.Nd6 Rd5 26.Bxg7+ Kxg7 27.Ne8+ 1-0

[Event "zonal 2.3 (w)"]
[Site "San Salvador ESA"]
[Date "2009.07.12"]
[Round "2.5"]
[White "Castaneda, Ada"]
[Black "Munoz Solis, Carolina"]
[Result "1/2-1/2"]
[WhiteElo "2025"]
[BlackElo "2020"]
[EventDate "2009.07.11"]
[PlyCount "54"]

1.b3 d5 2.Bb2 Nf6 3.c4 c6 4.d3 Bf5 5.g3 Nbd7 6.Nf3 e6 7.Bg2 Bd6 8.Nc3 e5 
9.e4 Be6 10.O-O O-O 11.h3 h6 12.Nh2 dxc4 13.dxc4 Qc7 14.Qe2 a5 15.Rac1 Nc5
16.Rfd1 Rad8 17.Nf1 Bc8 18.Ne3 g6 19.Rd2 Ne6 20.Ncd5 cxd5 21.cxd5 Nc5 22.
Nc4 b6 23.f4 Ba6 24.fxe5 Bxe5 25.Bxe5 Qxe5 26.Nxe5 Bxe2 27.Rxe2 Rfe8 
1/2-1/2

[Event "zonal 2.3 (w)"]
[Site "San Salvador ESA"]
[Date "2009.07.12"]
[Round "2.6"]
[White "Heredia Serrano, Carla"]
[Black "Hernandez Graterol, Zaida"]
[Result "1-0"]
[WhiteElo "2135"]
[BlackElo "2035"]
[EventDate "2009.07.11"]
[PlyCount "69"]

1.e4 c5 2.Nf3 d6 3.d4 cxd4 4.Nxd4 Nf6 5.Nc3 a6 6.Bc4 e6 7.Bb3 b5 8.Qf3 Qb6
9.Be3 Qb7 10.O-O Nbd7 11.Rfe1 b4 12.Na4 Nc5 13.Nxc5 dxc5 14.Ba4+ Bd7 15.
Bxd7+ Nxd7 16.Nb3 Be7 17.Qg3 O-O 18.Bh6 Bf6 19.Rad1 Kh8 20.Bf4 Bxb2 21.Bd6
Rfc8 22.e5 a5 23.Qh4 a4 24.Nxc5 Nxc5 25.Bxc5 g5 26.Qxg5 Rxc5 27.Qf6+ Kg8 
28.Re3 Bxe5 29.Rxe5 Rxe5 30.Qxe5 Rc8 31.Qg5+ Kh8 32.Rd3 Qe4 33.Qf6+ Kg8 
34.h4 Kf8 35.Qh8+ 1-0

[Event "zonal 2.3 (w)"]
[Site "San Salvador ESA"]
[Date "2009.07.12"]
[Round "2.7"]
[White "Panesso, Lina"]
[Black "Orozco Luz, Elena"]
[Result "0-1"]
[WhiteElo "1936"]
[BlackElo "2118"]
[EventDate "2009.07.11"]
[PlyCount "100"]

1.e4 c5 2.Nf3 Nc6 3.d4 cxd4 4.Nxd4 Nf6 5.Nc3 e5 6.Ndb5 d6 7.Bg5 a6 8.Na3 
b5 9.Bxf6 gxf6 10.Nd5 f5 11.c3 fxe4 12.Bxb5 Bd7 13.Qa4 axb5 14.Qxa8 Qxa8 
15.Nc7+ Ke7 16.Nxa8 b4 17.cxb4 Nxb4 18.O-O Nd5 19.Nc4 Bb5 20.Nab6 Nxb6 21.
Nxb6 Bxf1 22.Kxf1 Ke6 23.a4 Be7 24.Rc1 Rb8 25.Rc6 Bd8 26.a5 Bxb6 27.axb6 
Kd5 28.Rc7 Rxb6 29.Rxf7 h5 30.Rh7 Rxb2 31.Rxh5 Kd4 32.g4 e3 33.fxe3+ Kxe3 
34.Rh3+ Kf4 35.Rd3 Rb6 36.h3 e4 37.Rd5 e3 38.g5 Ke4 39.Rd1 d5 40.h4 d4 41.
h5 Rb5 42.h6 Rxg5 43.Ra1 Rh5 44.Ra6 Kd3 45.Ra3+ Kc2 46.Ra2+ Kb3 47.Ra6 d3 
48.Re6 e2+ 49.Ke1 Rh1+ 50.Kd2 Rd1+ 0-1

[Event "zonal 2.3 (w)"]
[Site "San Salvador ESA"]
[Date "2009.07.12"]
[Round "3.1"]
[White "Mendoza Velazquez, Lorena"]
[Black "Zepeda Cortez, Lorena"]
[Result "0-1"]
[WhiteElo "1973"]
[BlackElo "2109"]
[EventDate "2009.07.11"]
[PlyCount "92"]

1.c4 c6 2.g3 d5 3.Bg2 e6 4.Nf3 Nf6 5.O-O Bd6 6.d4 O-O 7.Nc3 Nbd7 8.Nd2 h6 
9.e4 dxe4 10.Ndxe4 Bc7 11.Qc2 Nxe4 12.Nxe4 Nf6 13.Rd1 Nh7 14.f4 Bd7 15.b3 
Qc8 16.Bb2 Re8 17.Rac1 f6 18.Kh1 e5 19.fxe5 fxe5 20.d5 Rb8 21.dxc6 Bxc6 
22.Nd6 Bxd6 23.Rxd6 Bxg2+ 24.Kxg2 Nf6 25.Re1 Qc7 26.Rd3 Re6 27.Rde3 Rbe8 
28.Qe2 Nd7 29.Rd1 Nf6 30.g4 Qc6+ 31.Kg1 Qc5 32.Kg2 Nxg4 33.Re4 Nf6 34.Re3 
Nh5 35.Kh1 Nf4 36.Qf3 Rf6 37.Bd4 Qc7 38.Qe4 Rfe6 39.Bb2 b6 40.Rde1 Qb8 41.
h4 Qd8 42.Qf3 Qxh4+ 43.Kg1 Rg6+ 44.Kf1 Rf8 45.Rxe5 Nd3 46.Qxf8+ Kxf8 0-1

[Event "zonal 2.3 (w)"]
[Site "San Salvador ESA"]
[Date "2009.07.12"]
[Round "3.2"]
[White "Vasquez Ramirez, Rocio"]
[Black "Vigoa Apechache, Yanira"]
[Result "0-1"]
[WhiteElo "2285"]
[BlackElo "2250"]
[EventDate "2009.07.11"]
[PlyCount "94"]

1.d4 Nf6 2.Nf3 g6 3.Bf4 Bg7 4.e3 O-O 5.h3 d6 6.Be2 c6 7.O-O Qb6 8.Nbd2 a5 
9.c3 Qc7 10.Bh2 b5 11.e4 Nfd7 12.c4 c5 13.cxb5 cxd4 14.Nc4 Qa7 15.a4 Bb7 
16.Bd3 Nb6 17.e5 Bd5 18.Rc1 dxe5 19.Nxb6 Qxb6 20.Nxe5 Qb7 21.f3 f6 22.Ng4 
e5 23.Qc2 Nd7 24.Be4 Nb6 25.b3 f5 26.Bxd5+ Qxd5 27.Nf2 Rfc8 28.Qd3 Rc5 29.
g4 Rf8 30.gxf5 gxf5 31.Rxc5 Qxc5 32.Qd2 Nd5 33.Nd3 Qe7 34.Kh1 e4 35.Nf4 
Nxf4 36.Bxf4 e3 37.Qd3 e2 38.Re1 Qh4 39.Qc4+ Kh8 40.Qxe2 Qxf4 41.Rg1 Be5 
42.Re1 Bd6 43.Rg1 d3 44.Qg2 Be5 45.b6 Bd4 46.Rf1 Rg8 47.Qh2 Qxh2+ 0-1

[Event "zonal 2.3 (w)"]
[Site "San Salvador ESA"]
[Date "2009.07.12"]
[Round "3.3"]
[White "Munoz Solis, Carolina"]
[Black "Arribas Robaina, Maritza"]
[Result "1/2-1/2"]
[WhiteElo "2020"]
[BlackElo "2328"]
[EventDate "2009.07.11"]
[PlyCount "81"]

1.e4 e6 2.d4 d5 3.Nd2 Be7 4.Bd3 c5 5.dxc5 Nf6 6.Ngf3 Bxc5 7.O-O Nc6 8.c3 
dxe4 9.Nxe4 Nxe4 10.Bxe4 Qxd1 11.Rxd1 Bd7 12.Bf4 f6 13.Bd6 Bxd6 14.Rxd6 
Ke7 15.Rad1 Rad8 16.Kf1 e5 17.Nh4 Be6 18.Rxd8 Rxd8 19.Rxd8 Nxd8 20.Bxh7 
Bxa2 21.Nf5+ Kf8 22.Nd6 Bd5 23.f3 Ne6 24.Be4 Bxe4 25.Nxe4 Ke7 26.g4 Nf4 
27.h4 b6 28.h5 a5 29.b3 Nd3 30.Nd2 b5 31.Ke2 Nc5 32.b4 axb4 33.cxb4 Na6 
34.Ne4 Nxb4 35.Nc3 Ke6 36.Nxb5 Nd5 37.Na3 f5 38.Nc4 Kf6 39.Nd6 fxg4 40.
fxg4 Kg5 41.Nf5 1/2-1/2

[Event "zonal 2.3 (w)"]
[Site "San Salvador ESA"]
[Date "2009.07.12"]
[Round "3.4"]
[White "Sanchez, Ingrid"]
[Black "Heredia Serrano, Carla"]
[Result "0-1"]
[WhiteElo "1960"]
[BlackElo "2135"]
[EventDate "2009.07.11"]
[PlyCount "54"]

1.e4 c6 2.d4 d5 3.e5 Bf5 4.g4 Bd7 5.c4 e6 6.Nf3 Ne7 7.c5 b6 8.Nc3 h5 9.Bg5
bxc5 10.dxc5 Qa5 11.Qd4 hxg4 12.b4 Qc7 13.Bxe7 gxf3 14.Bd6 Qd8 15.h4 Bxd6 
16.cxd6 c5 17.Qxc5 Nc6 18.Nb5 O-O 19.Qc3 a5 20.bxa5 Rxa5 21.a4 d4 22.Qxf3 
Nxe5 23.Qg3 Qf6 24.Nxd4 Rd5 25.f4 Nc6 26.Nc2 Nb4 27.Rc1 Qb2 0-1

[Event "zonal 2.3 (w)"]
[Site "San Salvador ESA"]
[Date "2009.07.12"]
[Round "3.5"]
[White "Orozco Luz, Elena"]
[Black "Castaneda, Ada"]
[Result "1/2-1/2"]
[WhiteElo "2118"]
[BlackElo "2025"]
[EventDate "2009.07.11"]
[PlyCount "40"]

1.e4 d6 2.d4 e6 3.Nc3 g6 4.Be3 Bg7 5.Qd2 h6 6.f3 Ne7 7.O-O-O b6 8.d5 e5 9.
Bb5+ Nd7 10.Nge2 a6 11.Bxd7+ Qxd7 12.f4 exf4 13.Nxf4 Bb7 14.Bd4 Bxd4 15.
Qxd4 O-O-O 16.Rhf1 g5 17.Nd3 f5 18.exf5 Nxf5 19.Qf2 Ne7 20.Qd4 Nf5 1/2-1/2

[Event "zonal 2.3 (w)"]
[Site "San Salvador ESA"]
[Date "2009.07.12"]
[Round "3.6"]
[White "Zepeda Cortez, Sonia"]
[Black "Panesso, Lina"]
[Result "1-0"]
[WhiteElo "2136"]
[BlackElo "1936"]
[EventDate "2009.07.11"]
[PlyCount "81"]

1.e4 c5 2.Nf3 Nc6 3.d4 cxd4 4.Nxd4 e5 5.Nb5 a6 6.Nd6+ Bxd6 7.Qxd6 Qf6 8.
Qxf6 Nxf6 9.Nc3 Nb4 10.Bd3 Nxd3+ 11.cxd3 h6 12.Be3 d6 13.Bb6 Ke7 14.O-O 
Be6 15.f4 Nd7 16.Be3 f6 17.d4 Rhc8 18.Rf2 b5 19.a3 Bg8 20.Re1 Rab8 21.Nd5+
Ke8 22.Rd2 a5 23.Bf2 Kf8 24.fxe5 dxe5 25.Bg3 Rb7 26.Ne3 exd4 27.Nf5 Rc6 
28.Rxd4 Ra7 29.Red1 Be6 30.Nd6 Rc5 31.b4 axb4 32.axb4 Rh5 33.Rc1 Ra8 34.h3
Rb8 35.Ra1 Ne5 36.Ra7 Nc6 37.Nf5 Re8 38.Bd6+ Kg8 39.Nxg7 Nxd4 40.Nxh5 Kh8 
41.Nxf6 1-0

[Event "zonal 2.3 (w)"]
[Site "San Salvador ESA"]
[Date "2009.07.12"]
[Round "3.7"]
[White "Hernandez Graterol, Zaida"]
[Black "Esquivel De Leon, Aurora"]
[Result "1-0"]
[WhiteElo "2035"]
[BlackElo "2008"]
[EventDate "2009.07.11"]
[PlyCount "129"]

1.e4 c5 2.Nf3 e6 3.Nc3 a6 4.d4 cxd4 5.Nxd4 Nc6 6.g3 Nf6 7.Bg2 Qc7 8.Nb3 
Be7 9.O-O O-O 10.f4 d6 11.g4 b5 12.a3 Bb7 13.g5 Nd7 14.Qh5 g6 15.Qh6 Rfe8 
16.Rf3 Bf8 17.Qh4 Ne7 18.Rh3 h6 19.gxh6 Kh7 20.Nd4 Nc6 21.Nf3 Be7 22.Qf2 
Rac8 23.Be3 Na5 24.Rf1 Nc4 25.Bc1 Qc5 26.Qxc5 Nxc5 27.Nd2 Nxd2 28.Bxd2 Rc7
29.f5 gxf5 30.exf5 Rg8 31.Rg3 Rxg3 32.hxg3 Bxg2 33.Kxg2 e5 34.Nd5 Rb7 35.
Be3 Ne4 36.g4 Bg5 37.Bxg5 Nxg5 38.Rh1 a5 39.Nf6+ Kh8 40.Rd1 Rb6 41.Ne8 Rc6
42.c3 Kh7 43.Rxd6 Rxd6 44.Nxd6 Kxh6 45.Nxb5 Ne4 46.Kf3 Nd2+ 47.Ke2 Nb3 48.
Nd6 Kg5 49.Nxf7+ Kxg4 50.f6 Kf5 51.Nxe5 Kxf6 52.Nc6 a4 53.Kd3 Nc1+ 54.Kc4 
Ke6 55.Nb4 Kd6 56.Kb5 Ne2 57.Kxa4 Kc5 58.Kb3 Nf4 59.a4 Ne6 60.Nd3+ Kb6 61.
Kb4 Nc7 62.a5+ Ka7 63.c4 Na6+ 64.Ka4 Nc7 65.b4 1-0

[Event "zonal 2.3 (w)"]
[Site "San Salvador ESA"]
[Date "2009.07.13"]
[Round "4.1"]
[White "Zepeda Cortez, Lorena"]
[Black "Vigoa Apechache, Yanira"]
[Result "1/2-1/2"]
[WhiteElo "2109"]
[BlackElo "2250"]
[EventDate "2009.07.11"]
[PlyCount "36"]

1.e4 c5 2.Nf3 Nc6 3.d4 cxd4 4.Nxd4 Nf6 5.Nc3 e5 6.Ndb5 d6 7.Bg5 a6 8.Na3 
Be6 9.Nc4 Rc8 10.Bxf6 gxf6 11.Ne3 Bh6 12.Ned5 Nd4 13.Bd3 Rg8 14.Kf1 Bg4 
15.Qe1 Be6 16.Qd1 Bg4 17.Qe1 Be6 18.Qd1 Bg4 1/2-1/2

[Event "zonal 2.3 (w)"]
[Site "San Salvador ESA"]
[Date "2009.07.13"]
[Round "4.2"]
[White "Heredia Serrano, Carla"]
[Black "Vasquez Ramirez, Rocio"]
[Result "1/2-1/2"]
[WhiteElo "2135"]
[BlackElo "2285"]
[EventDate "2009.07.11"]
[PlyCount "97"]

1.e4 c5 2.Nf3 e6 3.d4 cxd4 4.Nxd4 a6 5.Nc3 b5 6.Bd3 Qb6 7.Nb3 Qc7 8.O-O 
Nf6 9.f4 b4 10.Nb1 Bb7 11.Qe2 h5 12.N1d2 h4 13.e5 Nd5 14.Ne4 h3 15.g3 a5 
16.Be3 f5 17.exf6 gxf6 18.Bd4 Rh6 19.Nbc5 Nc6 20.Bf2 f5 21.Ng5 Nd4 22.Bxd4
Bxc5 23.Bxc5 Qxc5+ 24.Qf2 Ne3 25.Rae1 Qc6 26.Be4 fxe4 27.Qxe3 Qxc2 28.Rf2 
Qd3 29.Nxe4 Bxe4 30.Qxe4 Qxe4 31.Rxe4 Rc8 32.Re1 Rc5 33.Rfe2 Kf7 34.Kf2 d6
35.g4 Rf6 36.Kg3 Rc4 37.Re4 Rc2 38.R1e2 Rc8 39.Kxh3 d5 40.Rd4 Rh8+ 41.Kg3 
Rfh6 42.f5 Rh3+ 43.Kf4 exf5 44.Rxd5 fxg4 45.Rf5+ Kg7 46.Rg5+ Kf6 47.Rf5+ 
Kg7 48.Re7+ Kg6 49.Re6+ 1/2-1/2

[Event "zonal 2.3 (w)"]
[Site "San Salvador ESA"]
[Date "2009.07.13"]
[Round "4.3"]
[White "Castaneda, Ada"]
[Black "Mendoza Velazquez, Lorena"]
[Result "0-1"]
[WhiteElo "2025"]
[BlackElo "1973"]
[EventDate "2009.07.11"]
[PlyCount "110"]

1.e4 c5 2.b3 d6 3.Bb2 Nc6 4.f4 e6 5.g3 Nf6 6.Bg2 Be7 7.d3 O-O 8.Nf3 Nd7 9.
O-O f5 10.exf5 exf5 11.Nc3 Nf6 12.Kh1 Bd7 13.Re1 h6 14.Qd2 a6 15.a4 Qc7 
16.Re2 Rae8 17.Rae1 Bd8 18.Nh4 Rxe2 19.Rxe2 Kh7 20.Nf3 Re8 21.Qe1 Nb4 22.
Qd2 d5 23.Ne5 d4 24.Nd1 Be6 25.c4 Nd7 26.Ba3 Nxe5 27.Rxe5 Nc6 28.Re2 b6 
29.Nf2 Qd7 30.Nh3 Na5 31.Qd1 Be7 32.Ng1 Bd6 33.Nf3 Bf7 34.Ne5 Qe7 35.Bf3 
Bxe5 36.Rxe5 Qd7 37.b4 cxb4 38.Bxb4 Nc6 39.Rxe8 Bxe8 40.Bd2 Na7 41.a5 b5 
42.cxb5 Qxb5 43.Be1 Bc6 44.Kg1 Bxf3 45.Qxf3 Nc6 46.Bf2 Nxa5 47.Bxd4 Nb3 
48.Be5 a5 49.Qh5 Qd7 50.Qd1 a4 51.d4 Qd5 52.Qd3 Qe4 53.Qc4 Nd2 54.Qf7 Qe1+
55.Kg2 Qf1# 0-1

[Event "zonal 2.3 (w)"]
[Site "San Salvador ESA"]
[Date "2009.07.13"]
[Round "4.4"]
[White "Arribas Robaina, Maritza"]
[Black "Orozco Luz, Elena"]
[Result "1-0"]
[WhiteElo "2328"]
[BlackElo "2118"]
[EventDate "2009.07.11"]
[PlyCount "125"]

1.e4 c5 2.Nf3 Nc6 3.Bb5 e6 4.Bxc6 bxc6 5.O-O Ne7 6.e5 Ng6 7.b3 d5 8.exd6 
Bxd6 9.Bb2 O-O 10.d3 Qc7 11.Nbd2 f6 12.Re1 e5 13.Ne4 Be7 14.h3 Be6 15.Qd2 
Nf4 16.Ng3 Rfd8 17.Nxe5 fxe5 18.Bxe5 Nxh3+ 19.gxh3 Qd7 20.Qc3 Bf8 21.Re3 
Bxh3 22.Qc4+ Qd5 23.Nh5 Qxc4 24.bxc4 Bf5 25.Rb1 Rd7 26.f4 Rad8 27.Ng3 Bg4 
28.Kf2 Be7 29.Ne4 Rf8 30.Kg3 Bf5 31.Nd2 g5 32.Ne4 gxf4+ 33.Bxf4 Bg6 34.Be5
Rf5 35.Rb8+ Kf7 36.Bf4 Rh5 37.Rc8 Rb7 38.Rxc6 Rb2 39.Rc7 Kf8 40.Nd6 Bh4+ 
41.Kg4 Rxc2 42.Rc8+ Kg7 43.Ne8+ Kf7 44.Rc7+ Kg8 45.Ng7 Bd8 46.Nxh5 Bxc7 
47.Bxc7 Rg2+ 48.Ng3 Rxa2 49.Bd6 a5 50.Bxc5 Rd2 51.Ne4 Rc2 52.Bd6 a4 53.Rf3
Rc1 54.Rf8+ Kg7 55.Ra8 Rd1 56.Ra7+ Kg8 57.Nf6+ Kh8 58.Be5 Bxd3 59.c5 Rc1 
60.Nxh7+ Kg8 61.Rg7+ Kh8 62.Rd7+ Kg8 63.Nf6+ 1-0

[Event "zonal 2.3 (w)"]
[Site "San Salvador ESA"]
[Date "2009.07.13"]
[Round "4.5"]
[White "Munoz Solis, Carolina"]
[Black "Zepeda Cortez, Sonia"]
[Result "1/2-1/2"]
[WhiteElo "2020"]
[BlackElo "2136"]
[EventDate "2009.07.11"]
[PlyCount "51"]

1.e4 c5 2.Nf3 Nc6 3.Bb5 e6 4.Bxc6 bxc6 5.O-O Ne7 6.b3 Ng6 7.Bb2 f6 8.e5 
Be7 9.Na3 O-O 10.Nc4 Qc7 11.Qe1 Rf7 12.d3 Ba6 13.Qe3 Raf8 14.Nd6 Bxd6 15.
exd6 Qxd6 16.Ba3 Qc7 17.Qxc5 d5 18.Nd4 Re8 19.Qxc6 Qxc6 20.Nxc6 Rc7 21.Nb4
Bb7 22.c4 Nf4 23.f3 a5 24.Nc2 Nxd3 25.Ne3 Nb4 26.Rad1 1/2-1/2

[Event "zonal 2.3 (w)"]
[Site "San Salvador ESA"]
[Date "2009.07.13"]
[Round "4.6"]
[White "Sanchez, Ingrid"]
[Black "Hernandez Graterol, Zaida"]
[Result "1-0"]
[WhiteElo "1960"]
[BlackElo "2035"]
[EventDate "2009.07.11"]
[PlyCount "93"]

1.e4 c5 2.Nf3 d6 3.d4 cxd4 4.Nxd4 Nf6 5.Nc3 a6 6.Be3 e6 7.g4 h6 8.h3 b5 9.
Bg2 Bb7 10.a3 Nbd7 11.Nde2 Nb6 12.b3 Qc7 13.Qd4 Nfd7 14.O-O Be7 15.Rad1 
Rc8 16.Qd2 Nf6 17.Bf4 Rd8 18.Ng3 O-O 19.Nce2 Nh7 20.Nh5 Ng5 21.h4 Nxe4 22.
Bxe4 Bxe4 23.Bxh6 Qxc2 24.Bxg7 Qxd2 25.Rxd2 Rfe8 26.Bf6 Nd5 27.Bxe7 Rxe7 
28.f3 Bh7 29.Rc1 Kf8 30.Rc6 Ra7 31.Nef4 Nxf4 32.Nxf4 Ke7 33.Kf2 d5 34.Nd3 
f6 35.Nc5 Rd6 36.Rc8 Kf7 37.f4 d4 38.h5 e5 39.f5 Re7 40.Ne4 Rb6 41.h6 Bg8 
42.Kf3 Re8 43.Rc7+ Re7 44.Rdc2 Ke8 45.Rxe7+ Kxe7 46.Rc7+ Kd8 47.Rg7 1-0